Statistics for Fruit That Each Red Velvet Member Interviewed in Red Flavor

Click here to take the quiz!

General Stats

  • This quiz has been taken 872 times
  • The average score is 4 of 5

Answer Stats

Member Fruit % Correct
YeriGrape
91%
IreneWatermelon
82%
SeulgiPineapple
81%
JoyKiwi
77%
WendyOrange
67%

Score Distribution

Percentile by Number Answered

Percent of People with Each Score

Your Score History

You have not taken this quiz